Find the Hidden Theme Quiz Stats

 Plays Quiz Updated Jul 10, 2018

Challenge
Share
Tweet
Embed
Score 0/20 Timer 05:00
2 Plays Today
Clue Answer % Correct
A motorcyclist needs one of these to be safeHelmet
95.9%
T-bone or porterhouseSteak
93.2%
Common sight on July 4th or New Year's EveFireworks
92.5%
'Life, liberty and the pursuit of ______'Happiness
90.3%
Someone who saw the whole thingEyewitness
89.9%
VanishDisappear
86.3%
If Nixon had not resigned, he would have faced thisImpeachment
84.4%
Mario and Luigi's vocationPlumber
80.7%
Industry of Dior and ChanelFashion
80.5%
'I love the smell of ____ in the morning.'Napalm
77.4%
Clue Answer % Correct
Frog's utteranceCroak
77.3%
Heated discussionArgument
76.8%
Knife-like weapon on the muzzle of a rifleBayonet
74.9%
Nathaniel who wrote 'The Scarlet Letter'Hawthorne
67.7%
Unit of length equal to .03937 inchMillimeter
65.6%
Person playing left, right or center fieldOutfielder
65.2%
Image of someone that may be burned in protestEffigy
59.2%
Homophone of 'holy'Wholly
54.9%
What can be found inside each answerNames of trees
37.9%
Formation created after the collapse of a volcanoCaldera
21%

You're not logged in!

Compare scores with friends on all Sporcle quizzes.
Join for Free
OR
Log In

You Might Also Like...

Show Comments

Extras

Top Quizzes Today


Score Distribution

Your Account Isn't Verified!

In order to create a playlist on Sporcle, you need to verify the email address you used during registration. Go to your Sporcle Settings to finish the process.

Report this User

Report this user for behavior that violates our Community Guidelines.

Details: